| 000 | 00372nam a2200145 a 4500 | ||
|---|---|---|---|
| 001 | 888 | ||
| 003 | CDMR | ||
| 005 | 20130116135159.0 | ||
| 008 | 130130s2009||||||||||||||||||||||||||||d | ||
| 040 |
_aCDMR _bcat _cCPC GIRONA |
||
| 100 | 1 |
_aBassols, Margarida _9694 |
|
| 245 | 1 | 3 |
_aEl col·loquial dels mitjans de comunicació _cBassols, Margarida |
| 260 |
_c2009 _bEumo |
||
| 942 | _cMON | ||
| 999 |
_c888 _d888 |
||